Music Quiz

Random Music or Quick Pick Quiz

Quick Pick: Whitesnake Songs Quiz Stats

Quiz not verified by Sporcle

Challenge
Share
Tweet
Embed
Score 0/15 Timer 01:00
0 Plays Today
% Correct
Go
95.8%
Your
94.1%
Love
94.1%
Heart
91.5%
Wish
90.7%
Slow
89.8%
Tears
87.3%
Fool
86.4%
% Correct
Gone
86.4%
Crying
82.2%
Stranger
82.2%
Thee
80.5%
Still
80.5%
Deeper
79.7%
Turn
78%

You're not logged in!

Compare scores with friends on all Sporcle quizzes.
Sign Up with Email
OR
Log In

You Might Also Like...

Show Comments

Extras

Top Quizzes Today


Score Distribution

Your Account Isn't Verified!

In order to create a playlist on Sporcle, you need to verify the email address you used during registration. Go to your Sporcle Settings to finish the process.